word scramble: pets - Statistics

General Stats
  • This quiz has been taken 1,687 times
    1,649 since last reset
  • The average score is 10 of 14
Answer Stats
Hint Answer % Correct
act cat
99%
dgo dog
99%
upppy puppy
92%
sifh fish
91%
brac crab
89%
kanse snake
88%
hsreo horse
85%
trelut turtle
83%
dzilra lizard
75%
ponyth python
68%
sigh fold gold fish
64%
talker sneat rattle snake
35%
sann corke corn snake
30%
sarned ganek garden snake
30%
No matching quizzes found
Score Distribution
Percent of People with Each Score
Percentile by Number Answered
Your Score History
You have not taken this quiz since the last reset